| 000 | 00515nam a2200193 4500 | ||
|---|---|---|---|
| 003 | LK-CoMWRAF | ||
| 005 | 20231120135338.0 | ||
| 008 | 231117b1971 |||||||| |||| 00| 0 eng d | ||
| 020 | _a0140135766 | ||
| 040 |
_aLK-CoMWRAF _dLK-CoMWRAF _eLK-CoMWRAF |
||
| 041 | _aeng | ||
| 082 |
_a415 _bPAL |
||
| 100 | _aPalmer, F. R. | ||
| 245 | _aGrammar | ||
| 260 |
_aHarmondsworth: _bPenguin, _c1971 |
||
| 300 |
_a205 p. 18 cm. _bBibliography and index included |
||
| 650 | _aGrammar, Comparative and general | ||
| 942 | _cBK | ||
| 999 |
_c4126 _d4126 |
||